000 00761nam a2200229Ia 4500
001 21761
005 20260407134823.0
008 260320s9999||||xx |||||||||||||| ||und||
020 _a9781482217513
041 _aING
082 _a004.68
_bB57
100 _aBinh, Le Nguyen,
_eAUT
245 0 _aOptical fiber communication systems with MATLAB and simulink models
250 _aSegunda edición
260 _aBoca Raton :
_bCRC Press,
_c2015
300 _axxvii, 871 páginas :
_bilustraciones, tablas ;
_c26 cm.
650 _aGEN
653 _aCiencia de la computación; Redes locales
654 _aCET
856 _uhttps://ieeexplore-ieee-org.ucsp.lookproxy.com/Xplore/home.jsp
_zVéase además: Base de datos IEEE Xplore
942 _cLIB
_dJUS
_fMIP
_2ddc
999 _c21761
_d21761